| 000 | 00464nam a2200169Ia 4500 | ||
|---|---|---|---|
| 999 |
_c12313 _d12313 |
||
| 003 | OSt | ||
| 005 | 20201005145021.0 | ||
| 008 | 190216s9999||||xx |||||||||||||| ||und|| | ||
| 040 | _coclc | ||
| 082 |
_a843.8 _bZOL/H |
||
| 100 |
_aZola, Emile _94897 |
||
| 245 | 4 |
_aThe Human Beast / _cEmile Zola |
|
| 260 |
_bPearl Publication, _c1960. _aBombay: |
||
| 300 | _a336p | ||
| 650 | _aEnglish Novel | ||
| 942 |
_cBK _2ddc _h843.8 _iZOL/H _k843.8 _mZOL/H |
||